Guillén : artefactes parateatrals : tradició, innovació / introducció d'Eduard Miralles artefactes parateatrals :
Descripción Física:
72 p. : il., col. ; [8] maquetes volumètriques ; 31 cm
MARC
| LEADER | 00000nam a2200000Ia 4500 | ||
|---|---|---|---|
| 001 | 12157 | ||
| 008 | 160829s1998 xx 000 0 cat d | ||
| 080 | |a B-1-38 | ||
| 100 | |a Miralles, Eduard |9 30935 | ||
| 245 | |a Guillén : |b artefactes parateatrals : |b tradició, innovació / introducció d'Eduard Miralles | ||
| 260 | |a Barcelona : |b Institut del Teatre. Diputació de Barcelona, |c 1998 | ||
| 300 | |a 72 p. : |b il., col. ; |c [8] maquetes volumètriques ; |c 31 cm | ||
| 590 | |a Textos en català i anglès | ||
| 650 | 0 | |a Teatre |x Escenografia i decorats |9 30936 | |
| 650 | |a Guillén, Joan J. |9 30937 | ||
| 710 | 1 | |a Institut del Teatre (Barcelona, Catalunya) |9 52662 | |
| 901 | |a Arxiu | ||
| 942 | |n 1 | ||
| 952 | |0 0 |1 0 |4 0 |6 B138 |7 1 |9 45577 |a Arxiu |b Arxiu |d 2016-12-01 |l 0 |o B-1-38 |p 12157 |r 2016-12-01 00:00:00 |w 2016-12-01 |y ARXIU | ||
| 999 | |c 48745 |d 48745 | ||